| 000 | 00361nam a2200133Ia 4500 | ||
|---|---|---|---|
| 008 | 150202s9999 xx 000 0 und d | ||
| 020 | _a373835116 | ||
| 050 |
_aFIC _bFIC |
||
| 100 | _aMarton, Sandra. | ||
| 245 |
_aRaising the stakes / _cSandra Marton. |
||
| 260 |
_aNew York : _bHarlequin Books, _c2002. |
||
| 300 |
_a296 pages : _c18 cm. |
||
| 650 | _aFiction. | ||
| 999 |
_c282233 _d282233 |
||